000 00871nam a2200253Ia 4500
003 OSt
005 20221005112421.0
006 a|||||r|||| 00| 0
007 ta
008 221004b |||||||| |||| 00| 0 pan d
020 _a9788180482069 (hbk)
_c350
024 _a5386
037 _b710, 26/06/2013, H.K. Prakashan
_cTextual
040 _aCRL
_cCRL
_bpan
041 _2pan
_apan
082 _aV246, 153Q2
100 _aਤਰਲੋਚਨ ਸਿੰਘ
245 0 _aਚੰਡੀਗੜ
_b ਉਜਾੜਿਆਂ ਦੀ ਦਾਸਤਾਨ
260 _aਚੰਡੀਗੜ
_bਅਰੁਨ ਪਬਲਿFਿੰਗ ਭਾਰਤ
_c2012
300 _a96ਪੰ
_ccm.
650 _aਭਾਰਤੀਯ ਇਤਿਹਾਸ
942 _hV246, 153Q2
_cTEXL
_2cc
999 _c1024826
_d1024826